[Event "Manizales op 28th"]
[Site "Manizales"]
[Date "2023.01.08"]
[Round "6"]
[White "Garvin Mejia, Ricardo Luis"]
[Black "Marin Trejos, Jaime Humberto"]
[Result "1-0"]
[WhiteElo "1572"]
[BlackElo "1691"]
[PlyCount "89"]
[EventDate "2023.01.05"]
[EventType "swiss"]
[EventRounds "8"]
[EventCountry "COL"]
[SourceTitle "CBM 212 Extra"]
[Source "ChessBase"]
[SourceDate "2023.03.31"]
[SourceVersion "1"]
[SourceVersionDate "2023.03.31"]
[SourceQuality "1"]

1. Nf3 Nc6 2. d4 d5 3. g3 Bf5 4. Bg2 e6 5. a3 h6 6. 0-0 Bd6 7. c4 dxc4 8. Qa4 Nge7 9. Nc3 a6 10. Qxc4 0-0 11. e4 Bg4 12. e5 Bxf3 13. exd6 Bxg2 14. dxe7 Qxe7 15. Kxg2 Na5 16. Qb4 Qxb4 17. axb4 Nb3 18. Ra2 Nxd4 19. Be3 Nc2 20. Bc5 Rfd8 21. b3 Rd2 22. Rc1 b6 23. Raxc2 Rxc2 24. Rxc2 bxc5 25. bxc5 Rb8 26. Rb2 a5 27. Kf3 c6 28. Ke3 f5 29. Na4 Rb4 30. Kd3 Kf7 31. Kc3 e5 32. Rd2 f4 33. Rd6 fxg3 34. hxg3 h5 35. Rxc6 g5 36. Rh6 h4 37. gxh4 g4 38. h5 Rf4 39. Rg6 Rxf2 40. Rxg4 Rh2 41. Rg5 Kf6 42. Rg6+ Kf5 43. Ra6 Rxh5 44. Rxa5 e4 45. c6+ 1-0